000 00547nam a2200181Ia 4500
005 20250508154308.0
008 008 250505s9999 xx 000 0 eng d
037 _aTextual
040 _aFEDL
_beng
_cFEDL
041 _aeng
_2eng
084 _a309.2309547, WAT
_qFEDL
100 _aWaterston Albert
245 0 _aPlanning in Pakistan : Organization and implementation
260 _aBaltimore
_bJohns Hopkins University Press
_c1963
300 _aix,150p.
942 _cTEXL
_h309.2309547, WAT
999 _c1349429
_d1349429